000 01423nam a2200325 c 4500
003 BLK
005 20180422102422.0
008 180408b bul|||||r ||||||| ||bul||
010 _aKNG00065248000
040 _aBLK
041 _aBUL
_cBUL
080 _aЕлектротехника
_b621.3
_x(075.8)
_z621.3(075.8)
100 1 _aФархи, Самуил Леон
_eпърви автор
_9369914
700 1 _aПапазов, Саша П.
_eсъавт.
_9290311
139 _aФархи, Самуил Леон и др.
_bФ 23
245 1 0 _aТеоретична електротехника
_bУчебник за студентите от ВМЕИ В. И. Ленин - София : Ч. 1 -
_cСамуил Леон Фархи; съавт. Саша П. Папазов.
_nЧ. 1
257 _aBGR
260 София
_bТехника
_c1981 -
_fЗа том: Враца : печ. В. Александров
300 _c22 см
380 _a62
650 4 _aЕлектротехника - учебници за ВУЗ
_9243545
653 _aелектротехника
653 _aучебници за ВУЗ
760 1 _aФархи, Самуил Леон
_d1981
_h631 с. : със сх., табл., черт.
_nАзб. показалец
_tЧ. 1
852 _aЦб 108979
856 4 _qpdf
_u
856 4 _qpdf
_u
942 _cKNG
_n0
944 _aCR
_c13.06.2004
_kГеновева_Генчева
944 _aED
_c27.01.2006
_kГрета_Цуфелде
999 _c61057
_d61057